Sports Quiz

Random Sports Quiz

Stephen Hendry's Crucible Opponents Quiz Stats

 Plays Quiz not verified by Sporcle

Challenge
Share
Tweet
Embed
Score 0/52 Timer 08:00
0 Plays Today
Years they played Opponent % Correct
1995, 1999, 2002, 2004, 2008Ronnie O'Sullivan
100%
1988, 1990, 1992, 1993, 1994, 1995, 1998Jimmy White
98.3%
1989, 1994Steve Davis
98.3%
2012John Higgins
96.7%
2001Mark Davis
90%
1990John Parrott
88.3%
1996, 2002Peter Ebdon
88.3%
1997, 2002Ken Doherty
88.3%
1999, 2001, 2005Matthew Stevens
86.7%
1992Stephen Murphy
85%
1997, 1999, 2003, 2009Mark Williams
83.3%
2002, 2009Shaun Murphy
83.3%
2012Stephen Maguire
81.7%
1999, 2001Paul Hunter
78.3%
2008, 2009Ding Junhui
78.3%
1986, 1987, 1989Willie Thorne
76.7%
1993, 1994, 1995, 1996, 2006Nigel Bond
73.3%
2010, 2011Mark Selby
73.3%
2000, 2012Stuart Bingham
71.7%
1992, 1997, 1999James Wattana
70%
1987Joe Johnson
68.3%
2005Neil Robertson
68.3%
2007Ali Carter
66.7%
1989, 1992Terry Griffiths
65%
1993Alan McManus
65%
1991Warren King
63.3%
Years they played Opponent % Correct
2008Mark Allen
61.7%
1995Tony Drago
58.3%
2005Anthony Hamilton
56.7%
1991Steve James
53.3%
1990, 1993, 1996, 1997Darren Morgan
48.3%
2008Ryan Day
46.7%
1989, 1996, 2003Gary Wilkinson
43.3%
1990Tony Meo
43.3%
2011Joe Perry
41.7%
1997Andy Hicks
40%
1990, 1991Alain Robidoux
38.3%
2002Anthony Davies
38.3%
1994Dave Harold
36.7%
2004Barry Pinches
33.3%
1994Surinder Gill
28.3%
2004Ian McCulloch
28.3%
1995Stefan Mazrocis
26.7%
1988Dean Reynolds
25%
1992Dene O'Kane
25%
1987Steve Longworth
23.3%
2003Drew Henry
23.3%
1993Danny Fowler
20%
1996Jason Ferguson
18.3%
2004Stuart pettman
18.3%
2007Dave Gilbert
18.3%
2010Zhang Anda
18.3%

You're not logged in!

Compare scores with friends on all Sporcle quizzes.
Join for Free
OR
Log In

You Might Also Like...

Show Comments

Extras

Top Quizzes Today


Score Distribution

Your Account Isn't Verified!

In order to create a playlist on Sporcle, you need to verify the email address you used during registration. Go to your Sporcle Settings to finish the process.

Report this User

Report this user for behavior that violates our Community Guidelines.

Details: